[Event "Pedavena op-B 1st"]
[Site "Pedavena"]
[Date "2005.08.04"]
[Round "3"]
[White "Ciet, Marco"]
[Black "Paveglio, Mattia"]
[Result "0-1"]
[WhiteElo "1697"]
[BlackElo "1515"]
[PlyCount "86"]
[EventDate "2005.08.03"]
[EventType "swiss"]
[EventRounds "6"]
[EventCountry "ITA"]
[SourceTitle "EXT 2023"]
[Source "ChessBase"]
[SourceDate "2022.10.05"]
[SourceVersion "1"]
[SourceVersionDate "2022.10.05"]
[SourceQuality "1"]

1. c4 e5 2. Nc3 Nf6 3. g3 Bc5 4. Bg2 c6 5. e3 d5 6. d4 exd4 7. exd4 Bb4 8. cxd5 cxd5 9. Nge2 Bg4 10. 0-0 0-0 11. Qb3 Bxc3 12. Nxc3 Qd7 13. Nxd5 Nxd5 14. Qxd5 Qxd5 15. Bxd5 Nc6 16. Bxc6 bxc6 17. Be3 Rab8 18. b3 h6 19. Rac1 Bf3 20. Rc3 Bd5 21. Bf4 Rbd8 22. Rc5 Rd7 23. Bc1 Rfd8 24. Re1 f5 25. Bb2 Rf7 26. Ra5 Kh7 27. Ba3 Be4 28. Bc5 Rdd7 29. Re3 h5 30. f3 Bd5 31. Kf2 g5 32. Re8 f4 33. g4 hxg4 34. fxg4 Kg6 35. Ra8 Rh7 36. R8xa7 Rxh2+ 37. Kf1 Rxa7 38. Rxa7 Rh1+ 39. Kf2 Rh2+ 40. Kf1 Rb2 41. Bb4 Rc2 42. Be1 Bf3 43. Ra6 Be2+ 0-1

[Event "ITA-ch U14"]
[Site "Cortina d'Ampezzo"]
[Date "2005.07.07"]
[Round "6"]
[White "Ciet, Marco"]
[Black "Vigliocco, Davide"]
[Result "0-1"]
[WhiteElo "1697"]
[BlackElo "1383"]
[PlyCount "44"]
[EventDate "2005.07.03"]
[EventType "swiss"]
[EventRounds "9"]
[EventCountry "ITA"]
[SourceTitle "EXT 2024"]
[Source "ChessBase"]
[SourceDate "2023.10.10"]
[SourceVersion "1"]
[SourceVersionDate "2023.10.10"]
[SourceQuality "1"]

1. e4 e6 2. d4 c5 3. c3 d5 4. e5 Nc6 5. Nf3 Qb6 6. Bd3 Bd7 7. Bc2 cxd4 8. cxd4 f6 9. 0-0 fxe5 10. dxe5 Bc5 11. Ng5 Nxe5 12. Qh5+ g6 13. Bxg6+ Nxg6 14. Nxh7 e5 15. Nc3 N8e7 16. Na4 Bxa4 17. Be3 Bxe3 18. fxe3 Qxe3+ 19. Rf2 0-0-0 20. Qg4+ Bd7 21. Qh5 Nf4 22. Kf1 Nxh5 0-1

[Event "Treviso op-B 27th"]
[Site "Treviso"]
[Date "2003.12.07"]
[Round "3.20"]
[White "Ciet, Marco"]
[Black "Londero, Marco"]
[Result "1-0"]
[WhiteElo "1437"]
[BlackElo "1600"]
[PlyCount "67"]
[EventDate "2003.12.06"]
[EventType "swiss"]
[EventRounds "5"]
[EventCountry "ITA"]
[SourceTitle "EXT 2024"]
[Source "ChessBase"]
[SourceDate "2023.10.10"]
[SourceVersion "1"]
[SourceVersionDate "2023.10.10"]
[SourceQuality "1"]

1. e4 e6 2. d4 d5 3. e5 c5 4. c3 Nc6 5. Nf3 b6 6. Bb5 Bd7 7. Bg5 Nge7 8. Bxc6 Bxc6 9. 0-0 Qc7 10. Nbd2 Nf5 11. Nh4 Nxh4 12. Bxh4 Be7 13. Qg4 Rg8 14. Rac1 0-0-0 15. Bxe7 Qxe7 16. Qe2 Bb7 17. a4 a6 18. f4 f6 19. f5 Rde8 20. Rce1 g6 21. exf6 Qxf6 22. fxe6 Qh4 23. Rf7 cxd4 24. Nf3 Qh6 25. cxd4 Kb8 26. Qe5+ Ka7 27. e7 a5 28. Ng5 Ka8 29. Rxh7 Qxh7 30. Nxh7 Rh8 31. Qxh8 Rxh8 32. e8Q+ Rxe8 33. Rxe8+ Ka7 34. Rg8 1-0